000 01253cam a2200181 4500500
005 20260329001338.0
041 _afre
042 _adc
100 1 0 _aBéliard, Anne-Sophie
_eauthor
700 1 0 _aFigeac, Julien
_eauthor
700 1 0 _aBideau, Laëtitia
_eauthor
245 0 0 _aConflictualidad de las controversias en las redes digitales: Tensiones, autocensura y transformación del debate público
260 _c2025.
500 _a14
520 _aEste artículo analiza las dinámicas de conflictualidad que han estructurado las controversias en las redes sociales digitales durante la crisis de la COVID-19. Hay ciertos mecanismos que favorecen el aumento de las tensiones en línea: sobrecarga de información, transformación de los debates en enfrentamientos polarizados, influencia de los algoritmos en la radicalización de los intercambios, desconfianza creciente hacia las instituciones. Las lógicas de compromiso, retirada o autocensura reconfiguran las formas de participación en línea y la conflictualidad tiende a convertirse en un modo habitual de interacción.
786 0 _nEmpan | 140 | 4 | 2025-11-25 | p. 57-64 | 1152-3336
856 4 1 _uhttps://shs.cairn.info/revista-empan-2025-4-page-57?lang=es&redirect-ssocas=7080
999 _c1804481
_d1804481